| 000 | 00559nam a2200169 i 4500 | ||
|---|---|---|---|
| 001 | 35508 | ||
| 003 | ES-MaACL | ||
| 005 | 20230906155137.0 | ||
| 007 | t| | ||
| 008 | 030213s1947 sp ||||1| spa d | ||
| 100 | 1 |
_aBonaventura, Enzo. _930082 |
|
| 245 | 1 | 0 |
_aIntroducción al psicoanálisis / _cpor Enzo Bonaventura ; traducción del italiano por Juan G. de Luaces. |
| 260 |
_aBarcelona : _bApolo, _c[1947] ( _fD.E.F. y Cía.) |
||
| 300 |
_a319 p., 11 lám. : _bil. ; _c19 cm. |
||
| 700 | 1 |
_aLuaces, Juan G. de. _974483 |
|
| 852 |
_aES-MaACL _jC-4451 _bR.24293 |
||
| 999 |
_c35508 _d35508 |
||